000 01133nab a22002657a 4500
999 _c6025
_d6025
003 OSt
005 20260116193701.0
008 190605e xxu||||| |||| 00| 0 spa d
040 _cPJ
100 _aGabet, Emiliano A.
_94574
245 1 0 _aInexistencia de un ejercicio abusivo del ius variandi /
_cEmiliano A. Gabet.
260 _aCiudad Autónoma de Buenos Aires :
_bThomson Reuters La Ley,
_c2025.
300 _ap. 161-164
500 _aCita Online: Cita: TR LALEY AR/DOC/1550/2025.
505 _aFallo comentado: CNTrab., sala I ~ 08/05/2025 ~ Vázquez, Brenda Iara c. Hospital Británico de Buenos Aires s/ despido.
505 _t¿Te interesa el texto completo? Solicitalo al correo: koha@justierradelfuego.gov.ar
650 0 _91316
_aDERECHO LABORAL
650 0 _91323
_aCONTRATO DE TRABAJO
650 0 _91486
_aEXTINCION DEL CONTRATO DE TRABAJO
650 0 _91344
_aIUS VARIANDI
650 0 _aBUENA FE
_94707
650 0 _aJORNADA DE TRABAJO
_91402
773 0 _02711
_93168
_dCiudad Autónoma de Buenos Aires : Thomson Reuters La Ley, 1999-2002.
_tRevista de derecho del trabajo. Nº 4 - Julio 2025
942 _2udc
_cANA